000
00336nam a22001457a 4500
008
230413b ||||| |||| 00| 0 eng d
020
_a
9781607977339
041
_a
eng
080
_2
3RD EDITION
_a
030
082
_a
030KHA
100
_a
40
101
_a
ENCIK
245
_a
CULTURES CONTEXTS THE CARIBBEAN
_c
KHAN. A
942
_2
udc
_c
BK
999
_c
59525
_d
59525